Differential equations for engineers and scientists (Record no. 241072)
[ view plain ]
| 000 -LEADER | |
|---|---|
| fixed length control field | 01794nam a22002417a 4500 |
| 005 - DATE AND TIME OF LATEST TRANSACTION | |
| control field | 20260327093414.0 |
| 008 - FIXED-LENGTH DATA ELEMENTS--GENERAL INFORMATION | |
| fixed length control field | 260327b |||||||| |||| 00| 0 eng d |
| 020 ## - INTERNATIONAL STANDARD BOOK NUMBER | |
| International Standard Book Number | 9789353165512 |
| 040 ## - CATALOGING SOURCE | |
| Transcribing agency | AL |
| 082 ## - DEWEY DECIMAL CLASSIFICATION NUMBER | |
| Classification number | 515.35 |
| Item number | CEND |
| 100 ## - MAIN ENTRY--PERSONAL NAME | |
| Personal name | Yunus A Cengel |
| 100 ## - MAIN ENTRY--PERSONAL NAME | |
| 9 (RLIN) | 259472 |
| 245 ## - TITLE STATEMENT | |
| Title | Differential equations for engineers and scientists |
| 260 ## - PUBLICATION, DISTRIBUTION, ETC. | |
| Place of publication, distribution, etc. | Chennai |
| Name of publisher, distributor, etc. | McGraw Hill Education India Pvt Ltd |
| Date of publication, distribution, etc. | 2020 |
| 300 ## - PHYSICAL DESCRIPTION | |
| Extent | xii,611p. |
| Other physical details | PB |
| Dimensions | 25.5x20cm |
| 365 ## - TRADE PRICE | |
| Source of price type code | Information Science and Engineering |
| Price type code | VBI-2645 |
| Price amount | ₹671.25 |
| Currency code | ₹ |
| Unit of pricing | ₹895.00 |
| Price note | 25% |
| Price effective from | VBI-2645 |
| Price effective until | 20-02-2026 |
| 520 ## - SUMMARY, ETC. | |
| Summary, etc. | Differential Equations for Engineers and Scientists is intended to be used in a first course on differential equations taken by science and engineering students. It covers the standard topics on differential equations with a wealth of applications drawn from engineering and science--with more engineering-specific examples than any other similar text. The text is the outcome of the lecture notes developed by the authors over the years in teaching differential equations to engineering students.<br/>Like Yunus Cengel's other texts, the material is introduced at a level that a typical student can follow comfortably, and the authors have made the text speak to the students and not over them. Differential Equations for Engineers and Scientists is written in plain language to help students learn the material without being hampered by excessive rigor or jargon. The friendly tone and the logical order are designed to motivate the student to read the book with interest and enthusiasm. |
| 650 ## - SUBJECT ADDED ENTRY--TOPICAL TERM | |
| Topical term or geographic name entry element | Engineering Mathematics |
| 9 (RLIN) | 259468 |
| 650 ## - SUBJECT ADDED ENTRY--TOPICAL TERM | |
| Topical term or geographic name entry element | Variable Coefficents |
| 9 (RLIN) | 259469 |
| 650 ## - SUBJECT ADDED ENTRY--TOPICAL TERM | |
| Topical term or geographic name entry element | Laplace Transforms |
| 9 (RLIN) | 259470 |
| 650 ## - SUBJECT ADDED ENTRY--TOPICAL TERM | |
| Topical term or geographic name entry element | Indian Edition |
| 9 (RLIN) | 259473 |
| 700 ## - ADDED ENTRY--PERSONAL NAME | |
| Personal name | Palm III, William J |
| 9 (RLIN) | 259471 |
| 942 ## - ADDED ENTRY ELEMENTS (KOHA) | |
| Source of classification or shelving scheme | Dewey Decimal Classification |
| Koha item type | Book |
| Withdrawn status | Lost status | Source of classification or shelving scheme | Damaged status | Not for loan | Collection code | Home library | Current library | Date acquired | Cost, normal purchase price | Total Checkouts | Full call number | Barcode | Date last seen | Cost, replacement price | Price effective from | Koha item type |
|---|---|---|---|---|---|---|---|---|---|---|---|---|---|---|---|---|
| Dewey Decimal Classification | Information Science and Engineering | St Aloysius Engineering Library | St Aloysius Engineering Library | 03/21/2026 | 671.25 | 515.35 CEND | SE000350 | 03/27/2026 | 895.00 | 02/20/2026 | Book |